Statistics for Highest Earning Musicians of 2021

Click here to take the quiz!

General Stats

  • This quiz has been taken 58 times
  • The average score is 2 of 10

Answer Stats

HintAnswer% Correct
10
80M
Taylor Swift
74%
4
250M
Kanye West
72%
2
490M
Jay-Z
43%
9
83M
Blake Shelton
11%
1
590M
Bruce Springsteen
8%
8
95M
Motley Crue
6%
3
260M
Paul Simon
6%
6
145M
Red Hot Chili Peppers
6%
7
100M
Lindsay Buckingham
4%
5
200M
Ryan Tedder
4%

Score Distribution

Percentile by Number Answered

Percent of People with Each Score

Your Score History

You have not taken this quiz